000 00629cam a2200205 i 4500
001 sa 65007429
003 DLC
005 20260227112148.0
008 811029s1957 ii a 000 0 mar
010 _asa 65007429
040 _aDLC
_cDLC
_dDLC
050 0 0 _aPK2418.D42
_bM6
100 1 _aDeshpande, Purushottam Lakshman,
_d1919-2000.
245 1 0 _aMoṭhe māse āṇi chṭe māse :
_btīna ekāṅkikā /
_cPurushottama Lakshmaṇa Deśapāṇḍe.
250 _a[Prathamāvr̥tti].
260 _aMumbaī :
_bŚirīsha Ejansīj,
_c[1957]
300 _a115 p. :
_bill. ;
_c19 cm.
500 _aIn Marathi.
500 _aPlays.
999 _c65157
_d65157